Every NHL Backup Goalie for the 2023-24 Season - Statistics

General Stats
  • This quiz has been taken 35 times
  • The average score is 19 of 32
Answer Stats
TEAM Answer % Correct
BOSTON Linus Ullmark
93%
BUFFALO Devon Levi
81%
NY RANGERS Jonathan Quick
81%
VEGAS Adin Hill
74%
TORONTO Joseph Woll
74%
ANAHEIM Lukas Dostal
74%
FLORIDA Anthony Stolarz
70%
MONTREAL Cayden Primeau
70%
MINNESOTA M.A. Fleury
70%
WASHINGTON Darcy Kuemper
67%
ARIZONA Karel Vejmelka
67%
DALLAS Scott Wedgewood
67%
OTTAWA Anton Forsberg
63%
SEATTLE Philip Grubauer
63%
CALGARY Dan Vladar
59%
NEW JERSEY Jake Allen
59%
NY ISLANDERS Semyon Varlamov
59%
EDMONTON Calvin Pickard
56%
VANCOUVER Casey Desmith
56%
LA Dave Rittich
56%
WINNIPEG Laurent Brossoit
56%
CHICAGO Arvid Soderblom
52%
DETROIT James Reimer
52%
NASHVILLE Kevin Lankinen
52%
PITTSBURGH Alex Nedeljkovic
48%
COLORADO Justus Annunen
48%
TAMPA BAY Jonas Johansson
44%
SAN JOSE Vitek Vanecek
41%
COLUMBUS Daniil Tarasov
37%
ST. LOUIS Joel Hofer
37%
CAROLINA Spencer Martin
37%
PHILADELPHIA Felix Sandstrom
22%
No matching quizzes found
Score Distribution
Percent of People with Each Score
Percentile by Number Answered
Your Score History
You have not taken this quiz